Loading...
Science - Chemistry | 0 | 5 | 0 | 2 | 50 | 70 | 105.60 | 1 | 5 |
Social Science | 0 | 5 | 1 | 1 | 45 | 72 | 99.60 | 0 | 4 |
Other Science: Earth Science | 0 | 3 | 0 | 0 | 30 | 99 | 119.67 | 0 | 3 |
Beliefs | 0 | 2 | 0 | 0 | 20 | 83 | 106.00 | 0 | 1 |
Fine Arts - Visual Fine Arts | 0 | 2 | 1 | 1 | 15 | 132 | 139.50 | 0 | 2 |
Ancient History and Archaeology | 0 | 1 | 0 | 0 | 10 | 112 | 112.00 | 1 | 1 |
Other Science: Astronomy | 0 | 1 | 1 | 0 | 5 | 113 | 113.00 | 1 | 1 |
History - World History | 0 | 1 | 1 | 0 | 5 | 115 | 115.00 | 0 | 0 |
Science - Physics | 0 | 1 | 1 | 0 | 5 | 103 | 103.00 | 0 | 1 |
Science - Biology | 0 | 2 | 4 | 0 | 0 | 93 | 98.00 | 0 | 2 |
World and Other Literature | 0 | 0 | 0 | 0 | 0 | 0.00 | 0 | 0 | |
Literature - British Literature | 0 | 0 | 0 | 0 | 0 | 0.00 | 0 | 0 | |
Philosophy | 0 | 0 | 0 | 0 | 0 | 0.00 | 0 | 0 | |
Current Events | 0 | 0 | 1 | 0 | -5 | 0.00 | 0 | 0 |